000
00328nam a22001457a 4500
003
SGT
020
_a
9788131797495
082
_a
003.54,SAH
100
_a
SAHA,ARIJIT
245
_a
INFORMATION THEORY CODING & CRYPTOGRAPHY
260
_a
CHENNAI
_b
PEARSON
_c
2019
300
_a
656
650
_a
COMPUTER
942
_2
ddc
_c
BK
_0
1
999
_c
18385
_d
18385